| 000 | 01281cam a2200337 i 4500 | ||
|---|---|---|---|
| 001 | 15298936 | ||
| 003 | EG-ScBUE | ||
| 005 | 20241001115003.0 | ||
| 008 | 080521r20081952enka f b 001 0 eng d | ||
| 020 | _a9780521720557 (pbk.) | ||
| 040 |
_aDLC _beng _erda _cDLC _dDLC _dEG-ScBUE |
||
| 082 | 0 | 4 |
_a515 _222 _bHAR |
| 100 | 1 |
_aHardy, G. H. _q(Godfrey Harold), _d1877-1947, _eauthor. _93640 |
|
| 245 | 1 | 2 |
_aA course of pure mathematics / _cby G. H. Hardy ; with a foreword by T. W. Körner. |
| 250 | _aTenth edition. | ||
| 250 | _aCentenary edition. | ||
| 264 |
_aCambridge : _bCambridge University Press, _c2008. |
||
| 300 |
_a509 pages : _billustrations ; _c23 cm. |
||
| 336 |
_2rdacontent _atext _btxt |
||
| 337 |
_aunmediated _2rdamedia _bn |
||
| 338 |
_avolume _bnc _2rdacarrier |
||
| 490 | 0 | _aCambridge mathematical library | |
| 504 | _aIncludes bibliographical references and index. | ||
| 650 | 7 |
_aCalculus. _2BUEsh _93641 |
|
| 650 | 7 |
_aFunctions. _2BUEsh _93642 |
|
| 655 | _vReading book | ||
| 700 | 1 |
_aKörner, T. W. _q(Thomas William), _d1946- _eauthor of introduction, etc. |
|
| 856 | 4 | 1 |
_3Table of contents _uhttp://www.loc.gov/catdir/toc/fy0804/2008273851.html |
| 942 |
_2ddc _cBB |
||
| 999 |
_c11295 _d11295 |
||